000 01051nam a22003377a 4500
001 0004234
003 KOHA_MİRAKIL
005 20260207001404.0
007 ta
008 090420b1995 tu |||gr||||#||||0|tur |
020 _c0,01
040 _aTR-BiSEU
_btur
_cTR-BiSEU
_erda
041 0 _atur
044 _ctu
050 _aHG6024
_b.S47 1995
245 0 _aSermaye piyasası araçlarına dayalı future ve option sözleşmelerinin fiyatlanması/
_cMurad Kayacan...[ve bşk.].
264 1 _aİstanbul :
_bİstanbul Menkul Kıymetler Borsası,1995.
_c1995
300 _aV, 85 sayfa: resimli
336 _ametin
_btxt
_2rdacontent
337 _aaracısız
_bn
_2rdamedia
338 _acilt
_bnc
_2rdacarrier
490 1 _aTürev piyasa araştırmaları serisi ;
_vno.
490 1 _a1
500 _aKaynakça var.
650 0 _aVadeli işlemler.
_96680
650 0 _aSermaye piyasası.
_95824
650 0 _aOpsiyonlar (Finans).
_95248
830 1 _aTürev piyasa araştırmaları serisi ;
_vno.
_910373
830 1 _a1
_92570
942 _2lcc
_cBK
999 _c4217
_d4217